[Event "European Youth Chess Championship B18"]
[Site "Prague, Top Hotel Prague"]
[Date "2012.08.18"]
[Round "2.1"]
[White "Gabuzyan, Hovhannes"]
[Black "Givon, Asaf"]
[Result "1/2-1/2"]
[PlyCount "0"]
[BlackElo "2340"]
[WhiteElo "2488"]

1. g3 {[%clk 1:30:56]} Nf6 {[%clk 1:30:27]} 2. Bg2 {[%clk 1:30:10]} d5
{[%clk 1:30:42]} 3. Nf3 {[%clk 1:30:37]} g6 {[%clk 1:30:43]} 4. O-O
{[%clk 1:31:03]} Bg7 {[%clk 1:31:07]} 5. d3 {[%clk 1:31:31]} O-O {[%clk 1:31:03]}
6. Nbd2 {[%clk 1:31:58]} Nc6 {[%clk 1:27:36]} 7. c3 {[%clk 1:30:52]} a5
{[%clk 1:27:05]} 8. a4 {[%clk 1:31:02]} e5 {[%clk 1:27:02]} 9. Qc2
{[%clk 1:31:23]} Re8 {[%clk 1:26:27]} 10. e4 {[%clk 1:31:34]} h6 {[%clk 1:20:07]}
11. Re1 {[%clk 1:28:41]} b6 {[%clk 1:11:38]} 12. b3 {[%clk 1:20:10]} Ba6
{[%clk 1:08:36]} 13. Ba3 {[%clk 1:16:45]} Qd7 {[%clk 1:02:59]} 14. Rad1
{[%clk 1:12:56]} Rad8 {[%clk 1:02:57]} 15. b4 {[%clk 1:07:30]} Bf8
{[%clk 0:41:45]} 16. b5 {[%clk 1:04:01]} Bxa3 {[%clk 0:42:06]} 17. exd5
{[%clk 1:01:04]} Nxd5 {[%clk 0:39:22]} 18. bxa6 {[%clk 0:59:58]} Bf8
{[%clk 0:35:43]} 19. Qb3 {[%clk 0:54:32]} Bg7 {[%clk 0:32:54]} 20. d4
{[%clk 0:46:07]} exd4 {[%clk 0:28:53]} 21. Rxe8+ {[%clk 0:45:59]} Rxe8
{[%clk 0:28:45]} 22. Nxd4 {[%clk 0:44:17]} Nxd4 {[%clk 0:28:11]} 23. cxd4
{[%clk 0:38:19]} c6 {[%clk 0:24:40]} 24. Nc4 {[%clk 0:37:28]} Nb4
{[%clk 0:23:29]} 25. Ne5 {[%clk 0:34:15]} Bxe5 {[%clk 0:19:39]} 26. dxe5
{[%clk 0:32:55]} Qf5 {[%clk 0:09:39]} 27. a7 {[%clk 0:23:59]} Ra8
{[%clk 0:09:35]} 28. e6 {[%clk 0:16:21]} Rxa7 {[%clk 0:09:55]} 29. Qc3
{[%clk 0:14:29]} Nd5 {[%clk 0:04:11]} 30. Qxc6 {[%clk 0:12:45]} fxe6
{[%clk 0:04:40]} 31. Bh3 {[%clk 0:10:27]} Qxh3 {[%clk 0:04:22]} 32. Qc8+
{[%clk 0:10:52]} Kg7 {[%clk 0:04:18]} 33. Rxd5 {[%clk 0:11:13]} Rf7
{[%clk 0:03:04]} 34. Qc3+ {[%clk 0:09:37]} Kg8 {[%clk 0:02:41]} 35. Rd8+
{[%clk 0:03:48]} Rf8 {[%clk 0:03:11]} 36. Rd7 {[%clk 0:03:24]} Rf7
{[%clk 0:03:39]} 37. Qc8+ {[%clk 0:01:52]} Kg7 {[%clk 0:04:07]} 38. Rd8
{[%clk 0:01:42]} Qf5 {[%clk 0:03:44]} 39. Rg8+ {[%clk 0:02:04]} Kh7
{[%clk 0:03:53]} 40. Rh8+ {[%clk 0:32:22]} Kg7 {[%clk 0:34:22]} 41. Rg8+
{[%clk 0:28:46]} Kh7 {[%clk 0:34:50]} 42. Rh8+ {[%clk 0:29:09]} Kg7
{[%clk 0:35:09]} 43. Qg8+ {[%clk 0:22:36]} Kf6 {[%clk 0:35:35]} 44. Qd8+
{[%clk 0:22:59]} Kg7 {[%clk 0:34:41]} 45. Qg8+ {[%clk 0:23:02]} Kf6
{[%clk 0:35:09]} 46. Rxh6 {[%clk 0:18:56]} Qb1+ {[%clk 0:24:37]} 47. Kg2
{[%clk 0:19:22]} Qe4+ {[%clk 0:25:02]} 48. f3 {[%clk 0:14:31]} Qc2+
{[%clk 0:25:17]} 49. Kh3 {[%clk 0:14:53]} Qf5+ {[%clk 0:25:39]} 50. Kg2
{[%clk 0:15:13]} Qc2+ {[%clk 0:25:58]} 51. Kh3 {[%clk 0:15:34]} Qf5+ 1/2-1/2

[Event "European Youth Chess Championship B18"]
[Site "Prague, Top Hotel Prague"]
[Date "2012.08.18"]
[Round "2.2"]
[White "Dragun, Kamil"]
[Black "Ochsner, Bjorn Moller"]
[Result "1-0"]
[PlyCount "0"]
[BlackElo "2290"]
[WhiteElo "2465"]

1. d4 {[%clk 1:30:57]} Nf6 {[%clk 1:30:49]} 2. c4 {[%clk 1:31:21]} e6
{[%clk 1:22:18]} 3. Nf3 {[%clk 1:31:45]} b6 {[%clk 1:22:41]} 4. g3
{[%clk 1:32:10]} Ba6 {[%clk 1:23:05]} 5. b3 {[%clk 1:32:33]} Bb4+
{[%clk 1:23:04]} 6. Bd2 {[%clk 1:32:56]} Be7 {[%clk 1:23:27]} 7. Bg2
{[%clk 1:33:18]} c6 {[%clk 1:22:59]} 8. O-O {[%clk 1:33:40]} O-O {[%clk 1:23:11]}
9. Bc3 {[%clk 1:32:20]} d5 {[%clk 1:23:14]} 10. Ne5 {[%clk 1:32:41]} Nfd7
{[%clk 1:23:26]} 11. Nxd7 {[%clk 1:33:02]} Nxd7 {[%clk 1:23:50]} 12. Nd2
{[%clk 1:33:26]} Rc8 {[%clk 1:22:59]} 13. e4 {[%clk 1:33:48]} c5 {[%clk 1:13:57]}
14. exd5 {[%clk 1:34:05]} exd5 {[%clk 1:13:40]} 15. dxc5 {[%clk 1:34:22]} dxc4
{[%clk 1:11:02]} 16. c6 {[%clk 1:34:45]} cxb3 {[%clk 1:10:49]} 17. Re1
{[%clk 1:35:09]} b2 {[%clk 1:09:09]} 18. Bxb2 {[%clk 1:31:22]} Nc5
{[%clk 1:08:04]} 19. Ba3 {[%clk 1:03:54]} Re8 {[%clk 0:39:27]} 20. Nb3
{[%clk 0:55:00]} Nd3 {[%clk 0:31:36]} 21. Rxe7 {[%clk 0:54:38]} Rxe7
{[%clk 0:31:47]} 22. Bxe7 {[%clk 0:55:00]} Qxe7 {[%clk 0:32:09]} 23. Qd2
{[%clk 0:55:11]} Qf6 {[%clk 0:23:04]} 24. Rd1 {[%clk 0:49:53]} g6
{[%clk 0:22:18]} 25. Qe3 {[%clk 0:44:06]} Ne5 {[%clk 0:21:41]} 26. Qc3
{[%clk 0:36:17]} Kg7 {[%clk 0:14:15]} 27. Nd4 {[%clk 0:30:49]} Nc4
{[%clk 0:13:36]} 28. Ne6+ {[%clk 0:30:51]} 1-0

[Event "European Youth Chess Championship B18"]
[Site "Prague, Top Hotel Prague"]
[Date "2012.08.18"]
[Round "2.3"]
[White "Doros, Radu-Marian"]
[Black "Moiseenko, Vadim"]
[Result "0-1"]
[PlyCount "0"]
[BlackElo "2454"]
[WhiteElo "2338"]

1. e4 {[%clk 1:30:53]} c5 {[%clk 1:30:46]} 2. Nf3 {[%clk 1:31:14]} Nf6
{[%clk 1:31:07]} 3. Nc3 {[%clk 1:31:32]} d6 {[%clk 1:31:20]} 4. d4
{[%clk 1:31:49]} cxd4 {[%clk 1:31:46]} 5. Nxd4 {[%clk 1:32:10]} a6
{[%clk 1:32:04]} 6. Be3 {[%clk 1:32:10]} Ng4 {[%clk 1:30:47]} 7. Bc1
{[%clk 1:31:21]} Nf6 {[%clk 1:30:12]} 8. f3 {[%clk 1:27:03]} Qb6 {[%clk 1:22:05]}
9. g4 {[%clk 1:26:29]} Nc6 {[%clk 1:19:41]} 10. Nb3 {[%clk 1:25:35]} e6
{[%clk 1:16:41]} 11. Qe2 {[%clk 1:21:44]} Be7 {[%clk 1:16:30]} 12. Be3
{[%clk 1:21:17]} Qc7 {[%clk 1:16:54]} 13. O-O-O {[%clk 1:11:04]} b5
{[%clk 1:16:33]} 14. Qf2 {[%clk 1:02:02]} Nd7 {[%clk 1:15:50]} 15. h4
{[%clk 0:45:17]} Bb7 {[%clk 1:14:36]} 16. Kb1 Nce5 17. Nd4 {[%clk 0:29:00]} b4
{[%clk 1:06:50]} 18. Nce2 {[%clk 0:29:14]} Nc5 {[%clk 0:52:33]} 19. Nf4
{[%clk 0:26:53]} Rc8 {[%clk 0:50:17]} 20. g5 {[%clk 0:26:48]} O-O
{[%clk 0:39:50]} 21. b3 {[%clk 0:21:04]} Nxf3 {[%clk 0:32:42]} 22. Qxf3
{[%clk 0:17:23]} Nxe4 {[%clk 0:33:01]} 23. Qh3 {[%clk 0:15:43]} Nc3+
{[%clk 0:31:03]} 24. Kc1 {[%clk 0:15:18]} Nxd1 {[%clk 0:30:09]} 25. Kxd1
{[%clk 0:15:42]} e5 {[%clk 0:28:20]} 26. Rh2 {[%clk 0:15:43]} exd4
{[%clk 0:25:25]} 27. Bxd4 {[%clk 0:16:07]} Be4 {[%clk 0:25:23]} 28. Bxa6
{[%clk 0:13:14]} Ra8 {[%clk 0:23:15]} 29. Bd3 {[%clk 0:10:06]} d5
{[%clk 0:22:57]} 30. Rf2 {[%clk 0:08:30]} Bc5 {[%clk 0:19:49]} 31. Nxd5
{[%clk 0:07:47]} Bxd5 {[%clk 0:20:03]} 32. Qf5 {[%clk 0:08:10]} g6
{[%clk 0:20:26]} 33. Qxd5 {[%clk 0:08:36]} Bxd4 {[%clk 0:20:08]} 34. Qxd4
{[%clk 0:09:00]} Rfd8 {[%clk 0:18:38]} 35. Qxb4 {[%clk 0:08:42]} Rxa2
{[%clk 0:18:48]} 36. Qe4 {[%clk 0:06:50]} Ra1+ {[%clk 0:17:12]} 37. Ke2
{[%clk 0:07:06]} Qd7 {[%clk 0:14:09]} 38. Kd2 {[%clk 0:06:47]} Re8
{[%clk 0:14:19]} 39. Qc4 {[%clk 0:06:25]} Rae1 {[%clk 0:14:23]} 40. h5
{[%clk 0:06:01]} R1e4 {[%clk 0:14:07]} 41. Qc3 {[%clk 0:36:00]} R4e5
{[%clk 0:40:05]} 42. Kc1 {[%clk 0:28:50]} Re1+ {[%clk 0:38:46]} 43. Kd2
{[%clk 0:24:19]} Qe7 {[%clk 0:38:57]} 44. Qf6 {[%clk 0:23:41]} Qe3+
{[%clk 0:38:58]} 45. Kc3 {[%clk 0:23:51]} Rc8+ {[%clk 0:39:23]} 46. Kb2
{[%clk 0:23:16]} Qc1+ {[%clk 0:39:43]} 47. Ka2 {[%clk 0:23:41]} Ra8+
{[%clk 0:40:04]} 48. Ba6 {[%clk 0:23:52]} Rxa6+ 0-1

[Event "European Youth Chess Championship B18"]
[Site "Prague, Top Hotel Prague"]
[Date "2012.08.18"]
[Round "2.4"]
[White "Berchtenbreiter, Maximilian"]
[Black "Forcen Esteban, Daniel"]
[Result "0-1"]
[PlyCount "0"]
[BlackElo "2440"]
[WhiteElo "2326"]

1. e4 {[%clk 1:30:57]} c5 {[%clk 1:30:54]} 2. Nf3 {[%clk 1:31:22]} d6
{[%clk 1:31:20]} 3. d4 {[%clk 1:31:49]} Nf6 {[%clk 1:31:45]} 4. Nc3 cxd4
{[%clk 1:32:09]} 5. Nxd4 {[%clk 1:32:43]} a6 {[%clk 1:32:34]} 6. Be3
{[%clk 1:33:09]} e5 {[%clk 1:32:57]} 7. Nb3 {[%clk 1:33:35]} Be6 {[%clk 1:33:21]}
8. Qd2 {[%clk 1:34:01]} Nbd7 {[%clk 1:29:14]} 9. O-O-O b5 {[%clk 1:22:13]} 10. f4
{[%clk 1:31:47]} Rc8 {[%clk 1:22:07]} 11. f5 {[%clk 1:30:11]} Bc4
{[%clk 1:22:19]} 12. Kb1 {[%clk 1:27:47]} Be7 {[%clk 1:02:31]} 13. g4
{[%clk 1:12:31]} Nxg4 {[%clk 0:53:22]} 14. Rg1 {[%clk 1:12:58]} Ndf6
{[%clk 0:49:58]} 15. h3 {[%clk 1:11:13]} b4 {[%clk 0:40:15]} 16. Nd5
{[%clk 1:01:55]} Nxd5 {[%clk 0:25:00]} 17. exd5 {[%clk 1:00:31]} Nxe3
{[%clk 0:25:08]} 18. Qxe3 {[%clk 1:00:57]} O-O {[%clk 0:21:51]} 19. Bxc4
{[%clk 0:55:32]} Rxc4 {[%clk 0:20:55]} 20. Qh6 {[%clk 0:55:57]} g6
{[%clk 0:19:04]} 21. fxg6 {[%clk 0:56:23]} fxg6 {[%clk 0:19:29]} 22. Rxg6+
{[%clk 0:56:49]} Kf7 {[%clk 0:19:30]} 23. Rf1+ {[%clk 0:47:25]} Ke8
{[%clk 0:15:59]} 24. Rxf8+ {[%clk 0:47:29]} Bxf8 {[%clk 0:16:24]} 25. Re6+
{[%clk 0:47:52]} Be7 {[%clk 0:15:39]} 26. Qxh7 {[%clk 0:45:27]} Rf4
{[%clk 0:16:07]} 27. Nd2 {[%clk 0:37:15]} Kd7 {[%clk 0:12:52]} 28. b3
{[%clk 0:36:53]} Qf8 {[%clk 0:13:20]} 29. Nc4 {[%clk 0:19:53]} Rf7
{[%clk 0:13:23]} 30. Qh6 {[%clk 0:19:08]} Rf1+ {[%clk 0:12:31]} 31. Kb2
{[%clk 0:19:33]} Qxh6 {[%clk 0:12:10]} 32. Rxh6 {[%clk 0:19:57]} e4
{[%clk 0:12:26]} 33. a3 {[%clk 0:17:14]} Bf6+ {[%clk 0:12:42]} 34. Rxf6
{[%clk 0:17:39]} bxa3+ {[%clk 0:13:09]} 35. Nxa3 {[%clk 0:17:56]} Rxf6
{[%clk 0:13:34]} 36. Kc3 {[%clk 0:18:24]} Rf3+ {[%clk 0:12:14]} 37. Kd4
{[%clk 0:18:46]} e3 {[%clk 0:12:42]} 38. Kd3 {[%clk 0:19:08]} Rxh3
{[%clk 0:13:09]} 39. Nc4 {[%clk 0:19:28]} Kc7 {[%clk 0:13:20]} 40. b4
{[%clk 0:49:42]} Rh4 {[%clk 0:43:42]} 41. Nxe3 {[%clk 0:49:18]} Rxb4
{[%clk 0:44:08]} 42. Nc4 {[%clk 0:49:44]} Rb5 {[%clk 0:44:28]} 43. Kd4
{[%clk 0:50:09]} a5 {[%clk 0:43:30]} 44. Na3 {[%clk 0:50:34]} Rb4+
{[%clk 0:43:53]} 45. Kc3 {[%clk 0:50:15]} Rb8 {[%clk 0:40:31]} 46. Kc4
{[%clk 0:50:35]} a4 {[%clk 0:39:53]} 47. Kd4 {[%clk 0:51:00]} Kd7
{[%clk 0:40:09]} 48. Kc4 {[%clk 0:51:10]} Ke7 {[%clk 0:40:33]} 49. c3
{[%clk 0:51:36]} Rb2 {[%clk 0:41:00]} 50. Kd3 {[%clk 0:51:30]} Kf6
{[%clk 0:40:20]} 51. Nc4 {[%clk 0:51:30]} Rh2 {[%clk 0:40:46]} 52. Nxd6
{[%clk 0:51:28]} a3 {[%clk 0:41:12]} 53. Ne4+ {[%clk 0:51:21]} Ke5
{[%clk 0:41:39]} 0-1

[Event "European Youth Chess Championship B18"]
[Site "Prague, Top Hotel Prague"]
[Date "2012.08.18"]
[Round "2.5"]
[White "Mammadov, Zaur"]
[Black "Pop, Alexandru"]
[Result "1-0"]
[PlyCount "0"]
[BlackElo "2271"]
[WhiteElo "2431"]

1. e4 {[%clk 1:30:53]} e5 {[%clk 1:30:45]} 2. Nf3 {[%clk 1:31:18]} Nc6
{[%clk 1:31:12]} 3. Bb5 {[%clk 1:31:25]} Nf6 {[%clk 1:31:17]} 4. O-O
{[%clk 1:31:36]} Nxe4 {[%clk 1:31:41]} 5. d4 {[%clk 1:32:00]} Nd6
{[%clk 1:32:04]} 6. Bxc6 {[%clk 1:32:24]} dxc6 {[%clk 1:32:31]} 7. dxe5
{[%clk 1:32:47]} Nf5 {[%clk 1:32:57]} 8. Qxd8+ {[%clk 1:33:10]} Kxd8
{[%clk 1:33:25]} 9. Nc3 {[%clk 1:33:39]} Ke8 {[%clk 1:33:48]} 10. h3
{[%clk 1:33:51]} h5 {[%clk 1:32:10]} 11. Bf4 {[%clk 1:33:49]} Be7
{[%clk 1:30:01]} 12. Ne4 {[%clk 1:33:31]} Be6 {[%clk 1:28:06]} 13. Neg5
{[%clk 1:30:14]} Bd5 {[%clk 1:17:02]} 14. Rfe1 {[%clk 1:30:36]} Bxg5
{[%clk 1:16:16]} 15. Nxg5 {[%clk 1:27:22]} Nd4 {[%clk 1:14:57]} 16. Rad1
{[%clk 1:27:42]} Nxc2 {[%clk 0:57:33]} 17. Re2 {[%clk 1:28:05]} Nb4
{[%clk 0:57:59]} 18. e6 {[%clk 1:28:28]} Bxe6 {[%clk 0:48:47]} 19. Bxc7
{[%clk 1:27:19]} Nd5 {[%clk 0:47:58]} 20. Be5 {[%clk 1:27:47]} Rg8
{[%clk 0:46:01]} 21. Ne4 {[%clk 1:16:36]} b6 {[%clk 0:42:49]} 22. b4
{[%clk 1:07:34]} Rd8 {[%clk 0:18:31]} 23. a3 {[%clk 0:57:57]} f6 {[%clk 0:14:23]}
24. Bg3 {[%clk 0:55:43]} Kd7 {[%clk 0:14:02]} 25. b5 {[%clk 0:54:11]} cxb5
{[%clk 0:13:19]} 26. Nc3 {[%clk 0:54:01]} Kc8 {[%clk 0:12:41]} 27. Nxb5
{[%clk 0:54:18]} Rge8 {[%clk 0:10:44]} 28. Nd6+ {[%clk 0:50:01]} Rxd6
{[%clk 0:10:59]} 29. Bxd6 {[%clk 0:50:29]} Kd7 {[%clk 0:11:19]} 30. Bg3
{[%clk 0:50:47]} b5 {[%clk 0:11:23]} 31. Red2 {[%clk 0:50:51]} Kc6
{[%clk 0:11:35]} 32. Rc1+ {[%clk 0:51:20]} Kb6 {[%clk 0:11:22]} 33. f3
{[%clk 0:50:40]} b4 {[%clk 0:10:10]} 34. Re1 {[%clk 0:48:49]} b3 {[%clk 0:08:02]}
35. Rb2 {[%clk 0:48:25]} 1-0

[Event "European Youth Chess Championship B18"]
[Site "Prague, Top Hotel Prague"]
[Date "2012.08.18"]
[Round "2.6"]
[White "Van Overdam, Julian"]
[Black "Pardo Simon, David"]
[Result "0-1"]
[PlyCount "0"]
[BlackElo "2430"]
[WhiteElo "2273"]

1. e4 {[%clk 1:30:58]} c5 {[%clk 1:30:38]} 2. Nc3 {[%clk 1:31:10]} a6
{[%clk 1:30:25]} 3. Nge2 {[%clk 1:30:26]} b5 {[%clk 1:28:55]} 4. d4
{[%clk 1:29:24]} cxd4 {[%clk 1:29:18]} 5. Nxd4 {[%clk 1:29:41]} e6
{[%clk 1:29:24]} 6. Bd3 {[%clk 1:27:38]} Qb6 {[%clk 1:28:37]} 7. Nb3
{[%clk 1:26:03]} Bb7 {[%clk 1:26:34]} 8. a4 {[%clk 1:20:16]} b4 {[%clk 1:26:19]}
9. a5 {[%clk 1:19:48]} Qc7 {[%clk 1:23:41]} 10. Na4 {[%clk 1:19:14]} Nc6
{[%clk 1:22:42]} 11. Nb6 {[%clk 0:59:00]} Rd8 {[%clk 1:21:26]} 12. f4
{[%clk 0:54:17]} Nxa5 {[%clk 1:05:26]} 13. Nxa5 {[%clk 0:54:27]} Qxb6
{[%clk 1:05:51]} 14. Nxb7 {[%clk 0:50:21]} Qxb7 {[%clk 1:06:16]} 15. O-O
{[%clk 0:36:27]} Qb6+ {[%clk 1:01:52]} 16. Kh1 {[%clk 0:36:52]} a5
{[%clk 1:02:19]} 17. f5 {[%clk 0:32:06]} e5 {[%clk 0:51:17]} 18. Bc4
{[%clk 0:31:56]} Nf6 {[%clk 0:43:35]} 19. Bg5 {[%clk 0:30:45]} Bc5
{[%clk 0:32:19]} 20. Bxf6 {[%clk 0:29:50]} gxf6 {[%clk 0:30:19]} 21. Rf3
{[%clk 0:25:32]} Ke7 {[%clk 0:28:06]} 22. Rg3 {[%clk 0:24:06]} Rdg8
{[%clk 0:25:51]} 23. Qh5 {[%clk 0:20:55]} Rxg3 {[%clk 0:26:14]} 24. Qxf7+
{[%clk 0:21:03]} Kd8 {[%clk 0:26:41]} 25. Rd1 {[%clk 0:14:42]} Be7
{[%clk 0:25:30]} 26. Qd5 {[%clk 0:12:12]} Bd6 {[%clk 0:25:07]} 27. hxg3
{[%clk 0:11:11]} Kc7 {[%clk 0:25:29]} 28. Qb5 {[%clk 0:05:05]} Qxb5
{[%clk 0:24:08]} 29. Bxb5 {[%clk 0:05:33]} Rg8 {[%clk 0:24:12]} 30. Kh2
{[%clk 0:05:12]} Rg4 {[%clk 0:24:37]} 31. Re1 {[%clk 0:04:19]} Bc5
{[%clk 0:24:59]} 32. Kh3 {[%clk 0:04:22]} Rg7 {[%clk 0:23:08]} 33. g4
{[%clk 0:03:32]} Kb6 {[%clk 0:23:28]} 34. Ba4 {[%clk 0:03:28]} Bd4
{[%clk 0:23:36]} 35. Rd1 {[%clk 0:02:14]} Kc5 {[%clk 0:15:48]} 36. Rd3
{[%clk 0:00:41]} d5 {[%clk 0:15:30]} 37. exd5 {[%clk 0:00:52]} e4
{[%clk 0:15:27]} 38. Rd1 {[%clk 0:00:56]} Be5 {[%clk 0:10:02]} 39. d6 Bxd6
{[%clk 0:10:04]} 40. Bb3 {[%clk 0:30:36]} e3 {[%clk 0:36:34]} 41. Rd5+
{[%clk 0:17:55]} Kc6 {[%clk 0:36:47]} 42. Rxa5 {[%clk 0:17:14]} h5
{[%clk 0:34:18]} 43. Bc4 {[%clk 0:06:06]} Rxg4 {[%clk 0:30:55]} 44. Be2
{[%clk 0:06:21]} Rg3+ {[%clk 0:30:02]} 45. Kh2 {[%clk 0:04:56]} Rf3+
{[%clk 0:30:18]} 46. Kg1 {[%clk 0:05:24]} Rf2 {[%clk 0:30:45]} 47. Bd3
{[%clk 0:04:42]} b3 {[%clk 0:16:17]} 48. Ra6+ {[%clk 0:04:14]} Kc7
{[%clk 0:16:07]} 49. Ra4 {[%clk 0:03:11]} Rd2 {[%clk 0:13:20]} 50. Kf1
{[%clk 0:03:32]} bxc2 {[%clk 0:13:36]} 51. Rc4+ {[%clk 0:03:57]} Kb6
{[%clk 0:14:03]} 52. Bxc2 {[%clk 0:03:56]} Bg3 {[%clk 0:13:06]} 53. Re4
{[%clk 0:03:41]} Rf2+ {[%clk 0:13:28]} 0-1

[Event "European Youth Chess Championship B18"]
[Site "Prague, Top Hotel Prague"]
[Date "2012.08.18"]
[Round "2.7"]
[White "Zhou, Yang-Fan"]
[Black "Franklin, Samuel G A"]
[Result "1/2-1/2"]
[PlyCount "0"]
[BlackElo "2264"]
[WhiteElo "2430"]

1. e4 {[%clk 1:30:58]} e5 {[%clk 1:30:35]} 2. Nf3 {[%clk 1:31:23]} Nc6
{[%clk 1:30:43]} 3. d4 {[%clk 1:31:47]} exd4 {[%clk 1:30:21]} 4. Nxd4
{[%clk 1:32:11]} Bc5 {[%clk 1:29:44]} 5. Nb3 {[%clk 1:32:35]} Bb6
{[%clk 1:28:55]} 6. a4 {[%clk 1:32:58]} a6 {[%clk 1:27:11]} 7. a5
{[%clk 1:32:01]} Ba7 {[%clk 1:26:57]} 8. Nc3 {[%clk 1:32:25]} d6 {[%clk 1:25:37]}
9. Bc4 {[%clk 1:18:37]} Ne5 {[%clk 1:11:26]} 10. Be2 {[%clk 1:18:18]} Qh4
{[%clk 1:05:30]} 11. g3 {[%clk 1:18:12]} Qf6 {[%clk 0:59:49]} 12. f4
{[%clk 1:10:23]} Ne7 {[%clk 0:50:47]} 13. Bf3 {[%clk 1:06:28]} Nxf3+
{[%clk 0:42:59]} 14. Qxf3 {[%clk 1:06:56]} Be6 {[%clk 0:34:46]} 15. Be3
{[%clk 1:02:30]} Bxe3 {[%clk 0:34:27]} 16. Qxe3 {[%clk 1:02:58]} Bxb3
{[%clk 0:33:58]} 17. cxb3 {[%clk 1:03:21]} Qe6 {[%clk 0:32:05]} 18. Ra3
{[%clk 0:52:04]} O-O {[%clk 0:30:43]} 19. Kf2 {[%clk 0:51:00]} Qh3
{[%clk 0:24:40]} 20. Ra4 {[%clk 0:36:42]} f5 {[%clk 0:18:26]} 21. Qf3
{[%clk 0:35:11]} fxe4 {[%clk 0:17:46]} 22. Rxe4 {[%clk 0:34:31]} Ng6
{[%clk 0:17:32]} 23. Qg2 {[%clk 0:23:25]} Qf5 {[%clk 0:17:14]} 24. b4
{[%clk 0:23:18]} d5 {[%clk 0:14:04]} 25. Re2 {[%clk 0:23:23]} Rad8
{[%clk 0:14:13]} 26. Rd1 {[%clk 0:22:32]} d4 {[%clk 0:10:35]} 27. Red2
{[%clk 0:20:40]} Ne5 {[%clk 0:05:14]} 28. Rxd4 {[%clk 0:09:52]} Ng4+
{[%clk 0:05:12]} 29. Kg1 {[%clk 0:10:01]} Ne3 {[%clk 0:05:15]} 30. Rxd8
{[%clk 0:10:00]} Nxg2 {[%clk 0:05:26]} 31. Kxg2 {[%clk 0:10:21]} Rxd8
{[%clk 0:03:54]} 32. Rxd8+ {[%clk 0:10:50]} Kf7 {[%clk 0:04:23]} 33. Rd2
{[%clk 0:11:01]} h5 {[%clk 0:04:15]} 34. Kf3 {[%clk 0:06:32]} Qe6
{[%clk 0:02:56]} 35. Rd4 {[%clk 0:03:16]} Kg6 {[%clk 0:02:19]} 36. Nd5
{[%clk 0:02:57]} c6 {[%clk 0:01:40]} 37. Ne3 {[%clk 0:02:07]} Kh7
{[%clk 0:02:07]} 38. f5 {[%clk 0:00:54]} Qe5 {[%clk 0:00:54]} 39. Rh4
{[%clk 0:00:56]} Qxb2 {[%clk 0:01:01]} 40. Rxh5+ {[%clk 0:31:07]} Kg8
{[%clk 0:31:30]} 41. Rh4 {[%clk 0:31:22]} Kf7 {[%clk 0:20:16]} 42. h3
{[%clk 0:31:22]} Qa3 {[%clk 0:16:56]} 1/2-1/2

[Event "European Youth Chess Championship B18"]
[Site "Prague, Top Hotel Prague"]
[Date "2012.08.18"]
[Round "2.8"]
[White "Gaehwiler, Gabriel"]
[Black "Moussard, Jules"]
[Result "1/2-1/2"]
[PlyCount "0"]
[BlackElo "2429"]
[WhiteElo "2267"]

1. e4 {[%clk 1:30:56]} c5 {[%clk 1:30:44]} 2. Nf3 {[%clk 1:31:21]} Nc6
{[%clk 1:30:47]} 3. d4 {[%clk 1:31:16]} cxd4 {[%clk 1:31:09]} 4. Nxd4
{[%clk 1:31:36]} g6 {[%clk 1:30:59]} 5. c4 {[%clk 1:18:48]} Nf6 {[%clk 1:31:13]}
6. Nc3 {[%clk 1:18:26]} Nxd4 {[%clk 1:31:27]} 7. Qxd4 {[%clk 1:18:50]} d6
{[%clk 1:31:53]} 8. c5 {[%clk 1:01:00]} Bg7 {[%clk 1:30:32]} 9. Bb5+
{[%clk 1:00:25]} Bd7 {[%clk 1:30:06]} 10. O-O {[%clk 0:55:56]} Bxb5
{[%clk 1:17:03]} 11. Nxb5 {[%clk 0:56:14]} Qd7 {[%clk 0:57:05]} 12. Nc3
{[%clk 0:48:06]} O-O {[%clk 0:48:24]} 13. cxd6 {[%clk 0:41:26]} Ne8
{[%clk 0:38:41]} 14. Qd5 {[%clk 0:25:39]} e6 {[%clk 0:36:42]} 15. Qb5
{[%clk 0:24:31]} Qxb5 {[%clk 0:25:33]} 16. Nxb5 {[%clk 0:24:53]} a6
{[%clk 0:25:18]} 17. Nc7 {[%clk 0:22:45]} Nxc7 {[%clk 0:25:21]} 18. dxc7
{[%clk 0:23:13]} Be5 {[%clk 0:25:42]} 19. Be3 {[%clk 0:21:35]} Rac8
{[%clk 0:24:37]} 20. Rac1 {[%clk 0:21:16]} Rxc7 {[%clk 0:22:19]} 21. Rxc7
{[%clk 0:15:55]} Bxc7 {[%clk 0:22:43]} 22. Rc1 {[%clk 0:13:25]} Be5
{[%clk 0:22:31]} 23. b3 {[%clk 0:10:39]} Rd8 {[%clk 0:17:05]} 24. Kf1
{[%clk 0:10:04]} f6 {[%clk 0:08:07]} 25. f4 {[%clk 0:04:34]} Bd6 {[%clk 0:08:07]}
26. Ke2 {[%clk 0:04:52]} Kf7 {[%clk 0:07:27]} 27. Rd1 {[%clk 0:04:52]} Bc7
{[%clk 0:07:08]} 28. Rc1 {[%clk 0:02:20]} Rd7 {[%clk 0:06:59]} 29. a4
{[%clk 0:01:47]} Bd6 {[%clk 0:03:29]} 30. Rc8 {[%clk 0:01:51]} Rc7
{[%clk 0:02:19]} 31. Rxc7+ {[%clk 0:02:09]} Bxc7 {[%clk 0:02:48]} 32. Kd3
{[%clk 0:01:40]} b5 {[%clk 0:00:56]} 33. axb5 {[%clk 0:01:59]} axb5
{[%clk 0:01:25]} 34. Kd4 {[%clk 0:01:42]} Bd6 {[%clk 0:00:53]} 35. e5
{[%clk 0:01:24]} fxe5+ {[%clk 0:01:21]} 36. fxe5 {[%clk 0:01:48]} Bb4
{[%clk 0:01:31]} 37. Ke4 {[%clk 0:01:17]} Ke8 {[%clk 0:01:44]} 38. h3
{[%clk 0:01:03]} Kd7 {[%clk 0:02:02]} 39. Kd4 {[%clk 0:00:53]} Kc6
{[%clk 0:00:50]} 40. Bg5 {[%clk 0:30:55]} Bc5+ {[%clk 0:30:52]} 41. Ke4
{[%clk 0:31:12]} 1/2-1/2